000 00762nam a2200217 a 4500
001 001143735
003 AM-YeHGA
005 20250617152220.0
008 160425s1977 ||| r 000 0 rus d
040 _aAM-YeHGA
041 0 _arus
100 1 _aЛенин, Владимир Ильич.
245 1 0 _aПамяти Герцена /
_cВ.И. Ленин.
260 _aМосква :
_bПолитиздат,
_c1977.
300 _a15 с.
600 1 4 _aГерцен, Александр Иванович
653 0 _aРусские революционные демократы
653 0 _aОбщественная мысль в России - 19 в.
653 0 _aРеволюционное движение в России - 19 в.
090 _c368530
999 _c366665
_d366665